[Event "World Chess Olympiad 2018"]
[Site "Batumi"]
[Date "2018.10.02"]
[Round "8"]
[Board "1"]
[WhiteFideId "1950711"]
[White "Monteiro Antonio"]
[BlackFideId "10609431"]
[Black "Bongo Akanga Ndjila Barthelemy"]
[Result "0-1"]
[LiveChessVersion "1.4.8"]
[BlackElo "1765"]
[WhiteElo "1877"]

1. d4 {[%clk 1:30:04]} d5 {[%clk 1:30:53]} 2. Nf3 {[%clk 1:30:21]} Nf6
{[%clk 1:31:19]} 3. c4 {[%clk 1:30:35]} c6 {[%clk 1:31:36]} 4. Nc3
{[%clk 1:29:57]} g6 {[%clk 1:31:54]} 5. Bf4 {[%clk 1:29:06]} Bg7 {[%clk 1:32:08]}
6. e3 {[%clk 1:29:12]} O-O {[%clk 1:32:25]} 7. h3 {[%clk 1:28:48]} Nbd7
{[%clk 1:30:29]} 8. a4 {[%clk 1:28:22]} Qa5 {[%clk 1:29:38]} 9. Be2
{[%clk 1:26:18]} dxc4 {[%clk 1:29:40]} 10. Bxc4 {[%clk 1:26:08]} Nd5
{[%clk 1:30:04]} 11. Bxd5 {[%clk 1:25:33]} cxd5 {[%clk 1:30:32]} 12. O-O
{[%clk 1:23:05]} a6 {[%clk 1:27:49]} 13. Qb3 {[%clk 1:21:41]} Nf6
{[%clk 1:24:18]} 14. Rfc1 {[%clk 1:19:03]} Re8 {[%clk 1:07:10]} 15. Ne2
{[%clk 1:16:46]} Qd8 {[%clk 1:07:08]} 16. Bc7 {[%clk 1:11:10]} Qd7
{[%clk 1:07:28]} 17. Ne5 {[%clk 1:11:01]} Qf5 {[%clk 1:06:37]} 18. Ng3
{[%clk 1:10:03]} Qe6 {[%clk 1:03:00]} 19. Ne2 {[%clk 1:02:55]} g5
{[%clk 1:02:20]} 20. h4 {[%clk 0:59:22]} h6 {[%clk 1:02:17]} 21. hxg5
{[%clk 0:59:16]} hxg5 {[%clk 1:02:46]} 22. Ng3 {[%clk 0:59:02]} Nd7
{[%clk 0:47:07]} 23. Nf3 {[%clk 0:56:16]} Bf6 {[%clk 0:42:26]} 24. Nh5
{[%clk 0:52:14]} Bh8 {[%clk 0:27:35]} 25. Ng3 {[%clk 0:50:51]} Bf6
{[%clk 0:25:25]} 26. Qc3 {[%clk 0:46:12]} Qg4 {[%clk 0:20:20]} 27. Nh2
{[%clk 0:35:42]} Qh4 {[%clk 0:17:45]} 28. Nf5 {[%clk 0:34:46]} Qh7
{[%clk 0:18:13]} 29. Ng4 {[%clk 0:30:36]} Nf8 {[%clk 0:16:56]} 30. Nxf6+
{[%clk 0:24:04]} exf6 {[%clk 0:17:11]} 31. Ng3 {[%clk 0:22:32]} Bd7
{[%clk 0:16:41]} 32. Bb6 {[%clk 0:21:46]} Rac8 {[%clk 0:16:47]} 33. Qd2
{[%clk 0:21:51]} Ne6 {[%clk 0:15:41]} 34. Qd1 {[%clk 0:21:33]} Ng7
{[%clk 0:05:20]} 35. Rxc8 {[%clk 0:20:38]} Rxc8 {[%clk 0:05:49]} 36. Rc1
{[%clk 0:19:06]} Rxc1 {[%clk 0:04:50]} 37. Qxc1 {[%clk 0:19:34]} Bxa4
{[%clk 0:04:02]} 38. Qc8+ {[%clk 0:19:00]} Ne8 {[%clk 0:04:26]} 39. Nf5
{[%clk 0:17:43]} Kh8 {[%clk 0:02:19]} 40. f3 {[%clk 0:45:50]} Bc6
{[%clk 0:31:35]} 41. Nd6 {[%clk 0:45:31]} Qb1+ {[%clk 0:29:31]} 42. Kf2
{[%clk 0:45:44]} Qxb2+ {[%clk 0:29:58]} 43. Kg3 {[%clk 0:46:02]} Qxb6
{[%clk 0:30:22]} 44. Nxe8 {[%clk 0:45:32]} Bxe8 {[%clk 0:30:40]} 45. Qxe8+
{[%clk 0:45:53]} Kg7 {[%clk 0:31:03]} 46. Qb8 {[%clk 0:45:21]} Qb3
{[%clk 0:24:40]} 47. Qe8 {[%clk 0:41:53]} Qb1 {[%clk 0:18:07]} 48. Kg4
{[%clk 0:38:35]} Qh1 {[%clk 0:17:13]} 49. g3 {[%clk 0:38:21]} Qh7
{[%clk 0:16:58]} 50. e4 {[%clk 0:37:35]} Kg6 {[%clk 0:16:59]} 0-1

[Event "World Chess Olympiad 2018"]
[Site "Batumi"]
[Date "2018.10.02"]
[Round "8"]
[Board "1"]
[WhiteFideId "31900232"]
[White "Guterres Luis"]
[BlackFideId "16000013"]
[Black "Murara Maxence"]
[Result "0-1"]
[LiveChessVersion "1.4.8"]
[BlackElo "1789"]
[WhiteElo "1779"]

1. e4 {[%clk 1:28:16]} c5 {[%clk 1:30:49]} 2. Nf3 {[%clk 1:27:54]} Nc6
{[%clk 1:30:41]} 3. c4 {[%clk 1:27:07]} e5 {[%clk 1:27:56]} 4. Nc3
{[%clk 1:26:54]} Nf6 {[%clk 1:26:46]} 5. d3 {[%clk 1:26:54]} h6 {[%clk 1:24:25]}
6. h3 {[%clk 1:26:57]} Be7 {[%clk 1:23:00]} 7. Be3 {[%clk 1:26:33]} d6
{[%clk 1:21:24]} 8. Be2 {[%clk 1:26:02]} Nd4 {[%clk 1:16:10]} 9. Qd2
{[%clk 1:23:52]} Bd7 {[%clk 1:15:29]} 10. Bxd4 {[%clk 1:22:17]} cxd4
{[%clk 1:14:15]} 11. Nd5 {[%clk 1:22:12]} Nxd5 {[%clk 1:11:39]} 12. cxd5
{[%clk 1:22:06]} Rc8 {[%clk 1:09:07]} 13. O-O {[%clk 1:21:46]} O-O
{[%clk 1:06:42]} 14. Rac1 {[%clk 1:21:32]} Qb6 {[%clk 1:03:20]} 15. Rxc8
{[%clk 1:20:01]} Rxc8 {[%clk 1:01:33]} 16. Rc1 {[%clk 1:20:03]} Rc5
{[%clk 0:58:16]} 17. Rxc5 {[%clk 1:16:23]} Qxc5 {[%clk 0:58:42]} 18. g4
{[%clk 1:12:45]} Bd8 {[%clk 0:57:10]} 19. a3 {[%clk 1:05:39]} Qc8
{[%clk 0:53:38]} 20. Kg2 {[%clk 0:51:59]} a6 {[%clk 0:46:16]} 21. Kg3
{[%clk 0:50:00]} Be7 {[%clk 0:44:55]} 22. Qb4 {[%clk 0:40:01]} b5
{[%clk 0:35:42]} 23. Nxe5 {[%clk 0:39:43]} a5 {[%clk 0:32:38]} 24. Qxd4
{[%clk 0:37:45]} dxe5 {[%clk 0:32:47]} 25. Qxe5 {[%clk 0:35:23]} Bf6
{[%clk 0:31:37]} 26. Qf4 {[%clk 0:35:45]} Qe8 {[%clk 0:30:19]} 27. Qd2
{[%clk 0:33:42]} Qe5+ {[%clk 0:20:56]} 28. f4 {[%clk 0:32:35]} Qxb2
{[%clk 0:20:12]} 29. Qe3 {[%clk 0:32:07]} Bd4 {[%clk 0:19:32]} 30. Qf3
{[%clk 0:32:02]} Qxa3 {[%clk 0:19:39]} 31. e5 {[%clk 0:31:51]} Qc3
{[%clk 0:19:22]} 32. Bf1 {[%clk 0:28:00]} a4 {[%clk 0:18:20]} 33. Qe4
{[%clk 0:27:23]} a3 {[%clk 0:16:38]} 34. e6 {[%clk 0:27:11]} fxe6
{[%clk 0:16:21]} 35. dxe6 {[%clk 0:24:09]} Bc6 {[%clk 0:16:15]} 36. Qe2
{[%clk 0:22:26]} Qb2 {[%clk 0:16:03]} 37. Qe1 {[%clk 0:21:13]} Qf2+
{[%clk 0:14:33]} 38. Qxf2 {[%clk 0:21:11]} Bxf2+ {[%clk 0:15:00]} 39. Kxf2
{[%clk 0:21:14]} a2 {[%clk 0:14:59]} 0-1

[Event "World Chess Olympiad 2018"]
[Site "Batumi"]
[Date "2018.10.02"]
[Round "8"]
[Board "2"]
[WhiteFideId "16000480"]
[White "Nzabanita Joseph"]
[BlackFideId "31900097"]
[Black "Fernandes Tomas"]
[Result "1-0"]
[LiveChessVersion "1.4.8"]
[BlackElo "1627"]
[WhiteElo "1849"]

1. e4 {[%clk 1:30:44]} c5 {[%clk 1:28:29]} 2. Nf3 {[%clk 1:31:01]} Nc6
{[%clk 1:28:38]} 3. d4 {[%clk 1:30:36]} cxd4 {[%clk 1:29:06]} 4. Nxd4
{[%clk 1:30:54]} Nf6 {[%clk 1:28:39]} 5. Nc3 {[%clk 1:31:08]} g6 {[%clk 1:28:56]}
6. f3 {[%clk 1:28:09]} Bg7 {[%clk 1:27:33]} 7. Be3 {[%clk 1:28:28]} O-O
{[%clk 1:27:50]} 8. Qd2 {[%clk 1:28:43]} a6 {[%clk 1:27:50]} 9. O-O-O
{[%clk 1:29:05]} Nxd4 {[%clk 1:25:21]} 10. Bxd4 {[%clk 1:29:29]} b5
{[%clk 1:25:20]} 11. Nd5 {[%clk 1:29:24]} Nxd5 {[%clk 1:25:23]} 12. Bxg7
{[%clk 1:29:22]} Kxg7 {[%clk 1:25:28]} 13. Qxd5 {[%clk 1:29:41]} Qa5
{[%clk 1:24:01]} 14. Qxa8 {[%clk 1:28:40]} Qxa2 {[%clk 1:24:29]} 15. Qd5
{[%clk 1:28:30]} Qa1+ {[%clk 1:24:34]} 16. Kd2 {[%clk 1:28:36]} Qxb2
{[%clk 1:25:02]} 17. Qc5 {[%clk 1:26:50]} b4 {[%clk 1:25:01]} 18. Bd3
{[%clk 1:26:44]} Bb7 {[%clk 1:25:00]} 19. Rb1 {[%clk 1:26:40]} d6
{[%clk 1:24:45]} 20. Qxb4 {[%clk 1:26:56]} Qf6 {[%clk 1:23:52]} 21. Qb2
{[%clk 1:26:19]} e5 {[%clk 1:24:19]} 22. Qxb7 {[%clk 1:24:34]} Qg5+
{[%clk 1:24:49]} 23. Kc3 {[%clk 1:23:28]} Qe3 {[%clk 1:25:06]} 24. Rb4
{[%clk 1:22:15]} a5 {[%clk 1:25:35]} 25. Rc4 {[%clk 1:21:55]} h5 {[%clk 1:24:48]}
26. Rb1 {[%clk 1:20:43]} Qf2 {[%clk 1:25:04]} 27. Qb6 {[%clk 1:18:15]} Qxg2
{[%clk 1:25:30]} 28. Qxa5 {[%clk 1:17:52]} Qxh2 {[%clk 1:25:24]} 29. Qd5
{[%clk 1:17:07]} Rd8 {[%clk 1:25:30]} 30. Rc7 {[%clk 1:17:10]} Qf4
{[%clk 1:25:58]} 31. Rbb7 {[%clk 1:14:22]} Rf8 {[%clk 1:26:27]} 32. Qxd6
{[%clk 1:14:00]} h4 {[%clk 1:26:55]} 33. Bc4 {[%clk 1:12:13]} Qxf3+
{[%clk 1:26:46]} 34. Qd3 {[%clk 1:11:09]} Qxd3+ {[%clk 1:27:11]} 35. cxd3
{[%clk 1:10:47]} h3 {[%clk 1:27:24]} 36. Rxf7+ {[%clk 1:11:00]} Rxf7
{[%clk 1:27:53]} 37. Rxf7+ {[%clk 1:10:59]} Kh6 {[%clk 1:28:02]} 38. Rf3
{[%clk 1:11:21]} 1-0

[Event "World Chess Olympiad 2018"]
[Site "Batumi"]
[Date "2018.10.02"]
[Round "8"]
[Board "3"]
[WhiteFideId "31900291"]
[White "dos Reis Tito"]
[BlackFideId "16000145"]
[Black "Murara Urwintwari Ian"]
[Result "1-0"]
[LiveChessVersion "1.4.8"]
[BlackElo "1677"]
[WhiteElo "1627"]

1. f4 {[%clk 1:30:48]} d5 {[%clk 1:30:41]} 2. Nf3 {[%clk 1:31:11]} Nf6
{[%clk 1:31:04]} 3. d4 e6 {[%clk 1:30:43]} 4. e3 {[%clk 1:31:31]} c5
{[%clk 1:30:46]} 5. c3 {[%clk 1:31:27]} Nc6 {[%clk 1:30:25]} 6. Bd3
{[%clk 1:31:25]} cxd4 {[%clk 1:30:41]} 7. exd4 {[%clk 1:31:28]} Bd6
{[%clk 1:29:48]} 8. O-O {[%clk 1:31:31]} h6 {[%clk 1:28:47]} 9. Qe1
{[%clk 1:31:38]} O-O {[%clk 1:28:23]} 10. Ne5 {[%clk 1:31:53]} Qb6
{[%clk 1:25:34]} 11. Kh1 {[%clk 1:31:52]} Ne7 {[%clk 1:15:24]} 12. Nd2
{[%clk 1:28:51]} Nf5 {[%clk 1:14:13]} 13. g4 {[%clk 1:28:40]} Bxe5
{[%clk 1:10:42]} 14. fxe5 {[%clk 1:28:45]} Nxg4 {[%clk 1:10:10]} 15. Nf3
{[%clk 1:28:37]} h5 {[%clk 1:03:08]} 16. Rg1 {[%clk 1:28:36]} Ngh6
{[%clk 0:59:04]} 17. Nh4 {[%clk 1:22:53]} g6 {[%clk 0:53:34]} 18. Nxf5
{[%clk 1:21:44]} Nxf5 {[%clk 0:53:59]} 19. Bxf5 {[%clk 1:21:47]} exf5
{[%clk 0:54:25]} 20. Qe3 {[%clk 1:21:30]} f4 {[%clk 0:43:46]} 21. Qxf4
{[%clk 1:21:32]} Bf5 {[%clk 0:44:14]} 22. Qxf5 {[%clk 1:21:29]} 1-0

[Event "World Chess Olympiad 2018"]
[Site "Batumi"]
[Date "2018.10.02"]
[Round "8"]
[Board "4"]
[WhiteFideId "16000072"]
[White "Niyibizi Alain Patience"]
[BlackFideId "31900348"]
[Black "Fatima Jose"]
[Result "0-1"]
[LiveChessVersion "1.4.8"]
[BlackElo "1587"]
[WhiteElo "1756"]

1. Nf3 {[%clk 1:30:53]} d5 {[%clk 1:30:42]} 2. d4 {[%clk 1:31:14]} Nf6
{[%clk 1:31:05]} 3. g3 {[%clk 1:31:37]} Bg4 {[%clk 1:31:18]} 4. Bg2
{[%clk 1:31:55]} e6 {[%clk 1:31:39]} 5. O-O {[%clk 1:31:42]} c5 {[%clk 1:32:05]}
6. Bg5 {[%clk 1:31:33]} Nbd7 {[%clk 1:32:05]} 7. Ne5 {[%clk 1:30:04]} Nxe5
{[%clk 1:29:54]} 8. dxe5 {[%clk 1:30:08]} h6 {[%clk 1:30:17]} 9. exf6
{[%clk 1:28:07]} hxg5 {[%clk 1:30:36]} 10. fxg7 {[%clk 1:27:21]} Bxg7
{[%clk 1:30:59]} 11. c3 {[%clk 1:27:34]} Qd7 {[%clk 1:30:33]} 12. Nd2
{[%clk 1:21:19]} O-O-O {[%clk 1:30:30]} 13. Nb3 {[%clk 1:19:30]} Qc7
{[%clk 1:30:02]} 14. Qd2 {[%clk 1:18:44]} Rh5 {[%clk 1:29:50]} 15. a4
{[%clk 1:14:56]} Rdh8 {[%clk 1:29:39]} 16. Qe3 {[%clk 1:00:41]} Bf8
{[%clk 1:27:47]} 17. Nd2 {[%clk 0:58:56]} f6 {[%clk 1:20:25]} 18. Nf3
{[%clk 0:57:43]} Qh7 {[%clk 1:19:49]} 19. h4 {[%clk 0:50:01]} Bf5
{[%clk 1:18:34]} 20. b4 {[%clk 0:37:39]} Bd6 {[%clk 1:13:39]} 21. bxc5
{[%clk 0:35:17]} Bc7 {[%clk 1:13:48]} 22. c6 {[%clk 0:34:45]} Bb6
{[%clk 1:07:26]} 23. cxb7+ {[%clk 0:33:20]} Kb8 {[%clk 1:06:26]} 24. Qd2
{[%clk 0:29:14]} g4 {[%clk 1:06:35]} 25. Nd4 {[%clk 0:28:53]} Rxh4
{[%clk 1:01:57]} 26. gxh4 {[%clk 0:19:09]} Qxh4 {[%clk 1:02:12]} 27. Qf4+
{[%clk 0:11:57]} Bc7 {[%clk 1:02:27]} 28. Nc6+ {[%clk 0:10:48]} Kxb7
{[%clk 1:02:24]} 29. Qb4+ {[%clk 0:08:20]} Kxc6 {[%clk 1:02:35]} 30. Bxd5+
{[%clk 0:04:59]} exd5 {[%clk 1:01:53]} 31. Qb5+ {[%clk 0:04:23]} Kd6
{[%clk 1:01:14]} 32. Qb4+ {[%clk 0:04:02]} Kd7 {[%clk 1:01:20]} 33. Qb5+
{[%clk 0:03:49]} Kc8 {[%clk 1:00:59]} 34. Qa6+ {[%clk 0:00:50]} Kd8
{[%clk 1:01:17]} 35. Qxf6+ {[%clk 0:00:40]} Qxf6 {[%clk 1:01:33]} 36. Rfd1
{[%clk 0:00:44]} Be4 {[%clk 1:01:40]} 37. c4 {[%clk 0:00:48]} Rh1#
{[%clk 1:02:00]} 0-1

[Event "World Chess Olympiad 2018"]
[Site "Batumi"]
[Date "2018.10.02"]
[Round "8"]
[Board "1"]
[WhiteFideId "6800068"]
[White "McTigue James"]
[BlackFideId "23800011"]
[Black "Bailey Matthew"]
[Result "1-0"]
[LiveChessVersion "1.4.8"]
[BlackElo "1060"]
[WhiteElo "2116"]

1. d4 {[%clk 1:30:56]} Nf6 {[%clk 1:30:27]} 2. Bf4 {[%clk 1:30:33]} g6
{[%clk 1:29:57]} 3. Nf3 {[%clk 1:30:44]} Bg7 {[%clk 1:29:46]} 4. e3
{[%clk 1:30:32]} d5 {[%clk 1:29:33]} 5. Bd3 {[%clk 1:25:18]} O-O {[%clk 1:28:37]}
6. h3 {[%clk 1:25:28]} b6 {[%clk 1:27:10]} 7. O-O {[%clk 1:18:07]} Bb7
{[%clk 1:19:23]} 8. Nbd2 {[%clk 1:12:31]} c5 {[%clk 1:17:52]} 9. c3
{[%clk 1:12:48]} c4 {[%clk 1:17:44]} 10. Bc2 {[%clk 1:12:34]} Nc6
{[%clk 1:17:33]} 11. e4 {[%clk 1:07:41]} e6 {[%clk 1:14:22]} 12. e5
{[%clk 1:07:25]} Nd7 {[%clk 1:08:15]} 13. Qe2 {[%clk 1:03:21]} f5
{[%clk 1:07:00]} 14. exf6 {[%clk 0:59:37]} Nxf6 {[%clk 1:07:16]} 15. Qxe6+
{[%clk 0:52:17]} Kh8 {[%clk 1:07:30]} 16. Qd6 {[%clk 0:44:29]} Nd7
{[%clk 1:06:35]} 17. Qc7 {[%clk 0:41:36]} Qxc7 {[%clk 1:06:46]} 18. Bxc7
{[%clk 0:41:59]} Rac8 {[%clk 1:06:40]} 19. Bd6 {[%clk 0:41:11]} Rf6
{[%clk 1:06:31]} 20. Bg3 {[%clk 0:40:48]} Re8 {[%clk 1:06:31]} 21. Rfe1
{[%clk 0:40:30]} Rfe6 {[%clk 1:06:43]} 22. Rxe6 {[%clk 0:37:52]} Rxe6
{[%clk 1:07:09]} 23. Kf1 {[%clk 0:37:54]} Nf6 {[%clk 1:07:09]} 24. Re1
{[%clk 0:37:59]} Bc8 {[%clk 1:06:52]} 25. Rxe6 {[%clk 0:36:51]} Bxe6
{[%clk 1:07:19]} 26. Ne5 {[%clk 0:36:02]} Nxe5 {[%clk 1:07:26]} 27. Bxe5
{[%clk 0:36:10]} Nd7 {[%clk 1:07:32]} 28. Bxg7+ {[%clk 0:36:07]} Kxg7
{[%clk 1:07:46]} 29. f4 {[%clk 0:35:59]} Nf6 {[%clk 1:07:51]} 30. Kf2
{[%clk 0:34:25]} Nh5 {[%clk 1:07:57]} 31. Kf3 {[%clk 0:33:49]} Kf7
{[%clk 1:08:17]} 32. Nf1 {[%clk 0:28:16]} Nf6 {[%clk 1:08:16]} 33. Ne3
{[%clk 0:28:00]} Nd7 {[%clk 1:07:52]} 34. g4 {[%clk 0:26:48]} Kf6
{[%clk 1:07:52]} 35. f5 {[%clk 0:23:08]} Bf7 {[%clk 1:08:17]} 36. h4
{[%clk 0:22:12]} a5 {[%clk 1:07:59]} 37. g5+ {[%clk 0:21:47]} Kg7
{[%clk 1:07:51]} 38. f6+ {[%clk 0:19:56]} Kf8 {[%clk 1:06:08]} 39. Ba4
{[%clk 0:19:56]} Nb8 {[%clk 1:05:51]} 40. Kf4 {[%clk 0:49:41]} Be6
{[%clk 1:34:59]} 41. Ke5 {[%clk 0:49:34]} Kf7 {[%clk 1:35:11]} 42. Nxd5
{[%clk 0:49:23]} Nd7+ {[%clk 1:34:53]} 43. Bxd7 {[%clk 0:48:56]} Bxd7
{[%clk 1:35:08]} 44. Nxb6 {[%clk 0:49:07]} Bb5 {[%clk 1:35:05]} 45. d5
{[%clk 0:47:37]} a4 {[%clk 1:35:00]} 46. a3 {[%clk 0:47:58]} Ke8 {[%clk 1:34:20]}
47. d6 {[%clk 0:47:50]} Bc6 {[%clk 1:34:02]} 48. d7+ {[%clk 0:47:19]} Bxd7
{[%clk 1:34:17]} 49. Nxd7 {[%clk 0:47:39]} Kxd7 {[%clk 1:34:38]} 50. Kd5
{[%clk 0:47:58]} Ke8 {[%clk 1:35:03]} 51. Kxc4 {[%clk 0:48:17]} Kf7
{[%clk 1:35:32]} 52. Kb4 {[%clk 0:47:30]} 1-0